| 000 | 00630nam a22001817a 4500 | ||
|---|---|---|---|
| 008 | 090709t xxu||||| |||| 00| 0 eng d | ||
| 020 | _a8122416608 | ||
| 020 | _a9788122416602 | ||
| 082 |
_a660 _bSEN |
||
| 100 |
_aSen, D. _97907 |
||
| 245 |
_aReference Book on Chemical Engineering / _cD. Sen |
||
| 260 |
_aNew Delhi : _bNew Age, _cc2005. |
||
| 300 |
_a352 p. : _bill. charts; _c24 cm. |
||
| 504 | _aIncludes bibliographical references. | ||
| 650 | 0 |
_aChemical engineering. _97908 |
|
| 942 |
_2ddc _cBB |
||
| 999 |
_c12310 _d12310 |
||